|
|
|
|
| LEADER |
01176nam a2200277 a 4500 |
| 001 |
15634436 |
| 008 |
120801s2010 nyu b 001 0 eng d |
| 010 |
|
|
|a 2009006695
|
| 020 |
|
|
|a 9780415449984 (hc : alk. paper)
|
| 020 |
|
|
|a 0415449987 (hc : alk. paper)
|
| 040 |
|
|
|a DLC
|c DLC
|d BWKUK
|d CDX
|d YDXCP
|d BWX
|d VPI
|d DLC
|d BD-DhAAL
|
| 082 |
0 |
0 |
|a 351
|2 22
|
| 245 |
0 |
0 |
|a Making public services management critical /
|c edited by Graeme Currie ... [et al.].
|
| 260 |
|
|
|a New York ;
|a London :
|b Routledge,
|c c2010.
|
| 300 |
|
|
|a vii, 273 p. ;
|c 24 cm.
|
| 490 |
1 |
|
|a Routledge critical studies in public management ;
|v 4
|
| 504 |
|
|
|a Includes bibliographical references and index.
|
| 541 |
|
|
|e 00025792
|
| 650 |
|
0 |
|a Public administration
|x Management.
|
| 650 |
|
0 |
|a Nonprofit organizations
|x Management.
|
| 650 |
|
0 |
|a Social work administration.
|
| 650 |
|
0 |
|a Public welfare
|x Management.
|
| 700 |
1 |
|
|a Currie, Graeme.
|
| 852 |
4 |
|
|a Ayesha Abed Library
|j General shelf.
|
| 999 |
|
|
|c 12670
|d 12670
|
| 952 |
|
|
|0 0
|1 0
|2 ddc
|4 0
|6 351_000000000000000_MAK
|7 0
|9 20903
|a IGS
|b IGS
|c GEN
|d 2012-08-02
|e Karim International
|g 8250.00
|l 1
|m 2
|o 351 MAK
|p 3010025792
|r 2014-06-09
|s 2013-02-14
|t 1
|w 0000-00-00
|y BK
|x Available
|